000
00233nam a2200121Ia 4500
100
_a
#N/A
942
_c
BK
245
_a
Information technology for management
260
_b
#N/A
082
_b
5513
546
_a
ENGLISH
999
_c
18977
_d
18977